[Event "Candidates FIDE f1"]
[Site "Sanghi Nagar"]
[Date "1995.??.??"]
[Round "2"]
[White "Karpov, Anatoly"]
[Black "Gelfand, Boris"]
[Result "1/2-1/2"]
[WhiteElo "2765"]
[BlackElo "2700"]
[Annotator "Ftacnik,L"]
[PlyCount "92"]
[EventDate "1995.02.??"]
[EventType "match"]
[EventRounds "9"]
[EventCountry "IND"]
[SourceTitle "CBM 045"]
[Source "ChessBase"]
[SourceDate "1995.04.01"]
[SourceVersion "1"]
[SourceVersionDate "1995.04.01"]
[SourceQuality "1"]

1. d4 Nf6 2. c4 g6 3. g3 c6 4. Bg2 d5 5. cxd5 cxd5 6. Nf3 Bg7 7. Nc3 Ne4 8. Qb3
Nxc3 9. bxc3 Nc6 10. Nd2 e6 11. Ba3 f5 12. e3 Na5 13. Qb2 b6 14. Bb4 Nc6 15. c4
Nxb4 16. Qxb4 Bb7 17. Rc1 Qd7 18. O-O Kf7 $1 19. Rc3 (19. cxd5 $5 Bxd5 20. Bxd5
exd5 21. Rc3 Rhc8 22. Rfc1 Rxc3 (22... Bf8 23. Qb3 Rxc3 24. Rxc3 Re8 25. Qc2
$14) 23. Qxc3 Re8 $13) 19... Rhc8 20. Rfc1 (20. cxd5 Bxd5 21. Bxd5 Qxd5 $1)
20... Kg8 21. R1c2 (21. cxd5 Rxc3 22. Rxc3 (22. Qxc3 Rc8 $1 23. Qb2 Rxc1+ 24.
Qxc1 Bxd5 25. Bxd5 Qxd5 26. Qc8+ Bf8 $10)) 21... Bf8 22. Qb2 Be7 23. h4 Rc7 24.
Nf3 Bf6 25. cxd5 Rxc3 26. Rxc3 (26. Qxc3 Rc8 27. Qb2 Bxd5 $10) 26... Bxd5 27.
Qc1 Bb7 $1 28. Ne1 (28. Rc7 Rc8 $1 29. Rxd7 Rxc1+ 30. Kh2 Bd5 31. Rxa7 Rc2 $10
32. Kg1 Rxa2 $15) (28. Ne5 Bxe5 29. Bxb7 Qxb7 30. dxe5 Rd8 31. Rc7 Rd1+ 32.
Qxd1 Qxc7) 28... Rc8 29. Bxb7 (29. Rxc8+ $6 Qxc8 30. Qxc8+ Bxc8 31. Nd3 Ba6 32.
Nb4 Bc4 $15) 29... Rxc3 30. Qxc3 Qxb7 31. Nd3 Kf7 32. Nf4 Qd7 33. a4 $5 h6 (
33... Qxa4 $2 34. Qc7+ Be7 35. Qc8 Qa2 36. Qh8 $40 (36. d5 exd5 37. Qe6+ Kf8
38. Nxd5 Qb1+ 39. Kh2 Qe4 $15)) 34. Qc4 g5 35. hxg5 hxg5 36. Nd3 Kg7 37. a5 b5
(37... bxa5 $2 38. Nc5 Qe7 39. Nxe6+ $16) 38. Qc5 Be7 39. Qe5+ Kh7 (39... Bf6
$2 40. Qb8 $16) 40. Nc5 (40. Qb8 Bd6 $1) 40... Bxc5 41. Qxc5 a6 42. g4 (42. Qb6
f4 $5 (42... Qc8 43. Qd6 $14) 43. Qxa6 fxe3 44. fxe3 Qc7 45. Kf2 Qc2+ $10)
42... fxg4 43. Qxg5 b4 44. Qh5+ Kg8 $1 45. Qg5+ (45. Qxg4+ $4 Qg7 $19) 45...
Kh7 46. Qh5+ Kg8 1/2-1/2

[Event "Chigorin Memorial 07th"]
[Site "St Petersburg"]
[Date "1999.11.05"]
[Round "4"]
[White "Sorokin, Maxim"]
[Black "Ulko, Jaroslav"]
[Result "1-0"]
[WhiteElo "2574"]
[BlackElo "2454"]
[Annotator "Ftacnik,L"]
[PlyCount "51"]
[EventDate "1999.11.02"]
[EventType "swiss"]
[EventRounds "9"]
[EventCountry "RUS"]
[SourceTitle "CBM 074"]
[Source "ChessBase"]
[SourceDate "2000.02.01"]
[SourceVersion "1"]
[SourceVersionDate "2000.02.01"]
[SourceQuality "1"]

1. Nf3 Nf6 2. c4 g6 3. d4 Bg7 4. g3 O-O 5. Bg2 c6 6. Nc3 d5 7. cxd5 cxd5 8. Ne5
Bf5 9. Qa4 Ne4 10. O-O f6 (10... Nd7 11. Nxd7 Bxd7 12. Qb4 Bc6 13. Rd1 Nxc3 14.
bxc3 Qd7 15. Bg5 e6 16. h4 Rfc8 17. h5 Ba4 18. Re1 Rc4 {0-1 Gutman,L-Mednis,E/
Graz/1987/ (49)}) 11. Nd3 Nc6 (11... Nxc3 12. bxc3 e6 13. Qb3 (13. Rd1 $5)
13... Rf7 14. Rd1 (14. f3 Bxd3 15. exd3 Nc6 16. Re1 $13) 14... Nc6 15. f3 e5
16. Nb4 Nxb4 17. cxb4 $13) 12. Rd1 Nxc3 13. bxc3 e6 14. Ba3 Rf7 15. Nc5 Rc8 (
15... Qa5 16. Qxa5 Nxa5 17. e4 dxe4 18. Nxe4 Nc4 $11) 16. h3 b6 17. Na6 $2 (17.
e4 $1 bxc5 18. exf5 gxf5 19. Bxc5 $14) 17... g5 $6 {Black could have benefited
from the backward pawn on c3 and strange position of Na6 and Ba3.} (17... Na5
$1 18. g4 (18. Bb2 b5 19. Qa3 Bf8 $17) 18... Be4 19. f3 (19. Bxe4 dxe4 20. Bb4
Nc4 $17) 19... b5 20. Qxb5 (20. Qb4 Bc2 21. Rd2 Ba4 22. Nc5 Nc4 $19) 20... Bc2
21. Rdc1 Rb7 22. Be7 Rxe7 23. Rxc2 Nc4 $15) 18. c4 Na5 19. cxd5 exd5 20. Qb5
Nc4 $2 {Ulko misses simple tactics, this move loses lots of material and the
game.} (20... Rd7 21. Rac1 Nc4 22. Rxc4 $1 Rxc4 (22... dxc4 23. Qxf5 $18) 23.
Bxd5+ Rxd5 24. Qxc4 $18) (20... Be6 $1 21. Rac1 Nc4 22. Bb4 $13) 21. Bxd5 $1
Nxa3 (21... Bd7 22. Qb3 b5 23. Bxf7+ Kxf7 24. Nc5 $18) 22. Bxf7+ Kxf7 23. Qxf5
Rc2 24. Rac1 Rxe2 (24... Rxa2 25. Rc7+ $18) 25. Qf3 Qe7 (25... Rxa2 26. Qb3+
$18) (25... Qe8 26. Qxa3 $18) 26. Rc7 1-0

[Event "Ter Apel"]
[Site "Ter Apel"]
[Date "1992.??.??"]
[Round "4"]
[White "Vaganian, Rafael A"]
[Black "Epishin, Vladimir"]
[Result "1/2-1/2"]
[WhiteElo "2590"]
[BlackElo "2620"]
[Annotator "Ftacnik,L"]
[PlyCount "63"]
[EventDate "1992.03.??"]
[EventType "tourn"]
[EventRounds "5"]
[EventCountry "NED"]
[EventCategory "14"]
[SourceTitle "CBM 030"]
[Source "ChessBase"]
[SourceDate "1992.10.01"]
[SourceVersion "1"]
[SourceVersionDate "1992.10.01"]
[SourceQuality "1"]

1. Nf3 Nf6 2. c4 g6 3. g3 Bg7 4. Bg2 c6 5. d4 d5 6. cxd5 cxd5 7. Ne5 O-O 8. Nc3
e6 9. Bg5 Qb6 10. Qd2 Nfd7 11. Be3 Nc6 12. Nxc6 bxc6 13. Rc1 Rb8 14. b3 Qb4 15.
O-O c5 16. Rfd1 cxd4 17. Bxd4 Bxd4 18. Qxd4 Qxd4 19. Rxd4 Nb6 20. Rdd1 Bb7 21.
e4 dxe4 22. Nxe4 Kg7 23. h4 {N} (23. Rc5 Rfd8 24. Rxd8 Rxd8 25. Nc3 Bxg2 26.
Kxg2 Rc8 27. Rxc8 Nxc8 28. f4 f5 29. Na4 Kf6 30. Nc5 Nb6 31. Nd3 Nd7 32. Nb4 e5
33. Nc6 a6 34. fxe5+ Nxe5 $10 {Karpov,A-Timman,J/Kuala Lumpur (m2)/1990/})
23... Rfd8 24. Rxd8 Rxd8 25. Rc7 Rd1+ $5 26. Kh2 Rd7 27. Rxd7 Nxd7 28. Nd6 Ba6
(28... Bxg2 29. Kxg2 f5 30. Nb5 a5 31. Nd4 Kf6 32. Nc6 $16) 29. b4 Kf8 $1 30.
b5 Ke7 31. Nxf7 (31. bxa6 $2 Kxd6 $17) 31... Bxb5 32. Ng5 {Ftacnik,L} 1/2-1/2

[Event "Corus"]
[Site "Wijk aan Zee"]
[Date "2003.01.20"]
[Round "8"]
[White "Karpov, Anatoly"]
[Black "Van Wely, Loek"]
[Result "1-0"]
[WhiteElo "2688"]
[BlackElo "2668"]
[Annotator "Ftacnik,L"]
[PlyCount "83"]
[EventDate "2003.01.11"]
[EventType "tourn"]
[EventRounds "13"]
[EventCountry "NED"]
[EventCategory "18"]
[SourceTitle "CBM 093"]
[Source "ChessBase"]
[SourceDate "2003.04.01"]
[SourceVersion "1"]
[SourceVersionDate "2003.04.01"]
[SourceQuality "1"]

1. d4 Nf6 2. c4 g6 3. Nf3 Bg7 4. g3 d5 5. Bg2 dxc4 6. Qa4+ Nfd7 7. Qxc4 Nb6 8.
Qc3 Na6 (8... Nc6 9. e3 O-O 10. O-O Re8 $13) 9. O-O c5 10. e3 O-O 11. Na3 Bf5 (
11... cxd4 12. exd4 Nd5 $11) 12. Rd1 cxd4 13. exd4 Nd5 {Karpov has not
achieved much with his original move 8.Qc3.} 14. Qb3 Nab4 15. Bd2 (15. Ne5 a5
16. Bd2 Be6 $11) 15... a5 16. Ne5 Be6 17. Qa4 Bxe5 (17... f6 18. Nec4 Bg4 $13)
18. dxe5 Bg4 19. Bh6 $5 {Surprisingly radical way of fighting for advantage,
since the modest 19.Re1 was probably enough for a small plus.} (19. Re1 Nb6 20.
Qb5 Qxd2 21. Qxb6 Nd3 (21... Qxb2 22. Nc4 Ra6 23. Qxa6 Qxa1 24. Qxg6+ hxg6 25.
Rxa1 $16) 22. Qe3 Qxe3 23. Rxe3 Rfd8 24. b3 $14) 19... Bxd1 20. Rxd1 Re8 (20...
Nb6 21. Qb3 a4 22. Qf3 Qc7 23. Qe4 Nc6 (23... Nxa2 24. Ra1 $16) 24. Bxf8 Kxf8
25. e6 $14) 21. Nb5 Qd7 (21... Nb6 22. Qb3 Qc8 23. Rc1 (23. Be3 $6 Qc4 $1 24.
Na3 Qxb3 25. axb3 Nc8 26. Bxb7 Rb8 27. Rd7 $11) 23... Nc6 24. e6 Qxe6 25. Qxe6
fxe6 26. Bxc6 bxc6 27. Nc7 $16) 22. a3 e6 (22... Nb6 23. Rxd7 Nxa4 24. axb4 $18
) 23. h4 (23. axb4 $2 axb4 24. Qxb4 Ra1 25. Qb3 Rxd1+ 26. Qxd1 Qxb5 $17) 23...
Qc6 $2 {Step in the wrong direction as now white can consumate material into
great advantage.} (23... Nc6 24. Qe4 Qe7 25. Nd6 Red8 $13) 24. axb4 $1 axb4 25.
Bxd5 exd5 (25... Rxa4 26. Bxc6 bxc6 27. Nd6 Rea8 28. Rd4 $16) 26. Qxb4 Rxe5 27.
Nd4 Qa6 (27... Qa4 28. Qxa4 Rxa4 29. b3 $16) 28. Qc3 Qc4 29. Nf3 Qxc3 30. bxc3
Re7 (30... Rh5 31. Bg5 Ra4 32. Ne5 f6 33. Bxf6 Rf5 34. Nd7 Kf7 35. Bd4 $18) 31.
Rxd5 {Black has no compensation for the lost material and the technical part
is not that difficult.} Rc7 32. Bd2 h5 33. Nd4 Ra2 34. Rd8+ Kg7 35. Bf4 Re7 (
35... Rc5 36. Rd7 $18) 36. Nf3 f6 (36... Ra5 37. Be3 $18) 37. Bd6 Rf7 38. Nd4 (
38. Ng5 $1 fxg5 39. Be5+ Kh6 40. Rh8+ Rh7 41. hxg5+ Kxg5 42. Rxh7 $18) 38...
Ra6 39. Kg2 g5 40. Kf3 Kg6 41. Ke3 Ra1 42. Nf3 (42. Nf3 g4 43. Nd4 $18) 1-0

[Event "Linares 14th"]
[Site "Linares"]
[Date "1997.02.10"]
[Round "6"]
[White "Nikolic, Predrag"]
[Black "Gelfand, Boris"]
[Result "0-1"]
[WhiteElo "2655"]
[BlackElo "2700"]
[Annotator "Gelfand,B"]
[PlyCount "74"]
[EventDate "1997.02.04"]
[EventType "tourn"]
[EventRounds "11"]
[EventCountry "ESP"]
[EventCategory "18"]
[SourceTitle "CBM 057"]
[Source "ChessBase"]
[SourceDate "1997.04.01"]
[SourceVersion "1"]
[SourceVersionDate "1997.04.01"]
[SourceQuality "1"]

1. d4 Nf6 2. c4 g6 3. Nf3 Bg7 4. g3 c6 5. Bg2 d5 6. cxd5 cxd5 7. Ne5 O-O 8. Nc3
e6 9. Bg5 Qb6 10. Qd2 Nfd7 11. Be3 Nc6 12. Nxc6 bxc6 13. Rc1 (13. O-O a5 14. b3
Ba6 15. Rfd1 Rfe8 16. Bh6 Bxh6 17. Qxh6 c5 18. Qe3 Qa7 19. dxc5 Nxc5 20. Rac1 {
1/2-1/2 Horvath,C-Wahls,M/EU-chJ U20 Arnhem (05) ;TD 88\09 1988}) 13... a5 14.
O-O Ba6 15. Rfd1 Rfc8 16. f3 $6 (16. Rc2 Qb4 17. Bh6 {1/2-1/2 Shirov,A-Ulibin,
M/WchJM-U20 Tunja (09) ;TD 89\08 1989}) (16. b3 Qb4 17. Na4 Bb5 18. Nc3 {
1/2-1/2 Kharitonov,A-Karasev,V/Moscow ZSKS ;CBM 30 1992}) 16... Qb4 17. Bf2 a4
(17... Nb6 18. Qc2 (18. b3 a4 19. a3 Qxb3 20. Rb1 Nc4)) 18. e4 Nb6 (18... c5
19. dxc5 Nxc5 20. Nxd5) 19. Qc2 (19. b3 axb3 20. axb3 Nd7 21. Rb1 c5) 19... Rd8
(19... Nc4 20. Nxa4 Bb5 21. Nc3 Qxb2 22. Nxb5 Qxb5 23. Bf1 Ra4 24. Qb3 Rb4 25.
Bxc4 dxc4 26. Qc2 Ra4 $15) 20. f4 (20. Rb1 dxe4 21. Nxe4 Bc4) (20. a3 Qe7 (
20... Qb3 21. Qxb3 axb3)) 20... Nc4 21. Nxa4 Bb5 22. Nc3 Qxb2 23. Nxb5 Qxb5 24.
Bf1 Ra4 25. Rd3 $2 (25. Qb3 Rb4 26. Bxc4 dxc4 27. Qc2 Ra4 $5 $15 (27... Ra8 28.
Rb1 $15)) 25... Qa5 $19 26. a3 (26. exd5 cxd5 27. Ra1 Nd6) 26... dxe4 27. Rb3 (
27. Rdd1 e3 28. Be1 Nd2) 27... Nd2 28. Rc3 (28. Be1 Bxd4+ 29. Kh1 e3) 28...
Nxf1 (28... Nf3+ 29. Kh1 Bxd4 30. Bxd4 Raxd4) 29. Rxf1 Bxd4 30. Bxd4 Raxd4 31.
Rxc6 Qxa3 32. Rc8 Rxc8 33. Qxc8+ Kg7 34. Qc7 Rd5 35. Qb6 Qc5+ (35... Rd2) 36.
Qxc5 Rxc5 37. Re1 f5 0-1

[Event "Pardubice op-A"]
[Site "Pardubice"]
[Date "2005.07.24"]
[Round "3"]
[White "Borovikov, Vladislav"]
[Black "Langner, Ladislav"]
[Result "1-0"]
[WhiteElo "2595"]
[BlackElo "2401"]
[Annotator "Gutman,L"]
[PlyCount "29"]
[EventDate "2005.07.22"]
[EventType "swiss"]
[EventRounds "9"]
[EventCountry "CZE"]
[SourceTitle "CBM 107 Extra"]
[Source "ChessBase"]
[SourceDate "2005.09.01"]
[SourceVersion "1"]
[SourceVersionDate "2005.09.01"]
[SourceQuality "1"]

1. d4 Nf6 2. Nf3 g6 3. c4 Bg7 4. g3 d5 5. Bg2 dxc4 6. Qa4+ Nfd7 7. Nbd2 {
Die Lieblingsvariante von Oleg Romanishin.} Nc6 ({Schwarz hat zwei weitere
gute Möglichkeiten:} 7... a6 8. Qxc4 Nc6) (7... c5 8. dxc5 Nc6 9. Nxc4 Nxc5 10.
Qa3 Na6 $1 11. Bd2 Qd5 12. Bc3 O-O 13. Bxg7 Kxg7 14. Qc3+ f6 15. O-O Qc5 {
Romanishin-Mrdja, Reggio Emilia 2002}) 8. Nxc4 Nxd4 $2 ({Jeder vernüftige
Mensch hätte} 8... O-O {gespielt:} 9. Be3 ({wie auch} 9. O-O Nxd4 10. Nxd4 Bxd4
11. Bh6 Bg7 12. Bxg7 Kxg7 13. Rfd1 c6 {Loginov-Ivanov, St Petersburg 1997})
9... a6 10. Na5 Nb6 11. Nxc6 Nxa4 12. Nxd8 Rxd8 {dürfte Schwarz
zufriedenstellen, Ekstroem-Kozul, Charleville 2000}) 9. Nxd4 Bxd4 10. Bh6 $5 (
10. Na5 c6 11. Nxc6 Bxf2+ 12. Kxf2 bxc6 13. Bxc6 Bb7 14. Bxb7 Qb6+ 15. Be3 Qxb7
16. Rhd1 Rd8 17. Qxa7 $18 {Bocharov-Schomoev, Krasnojarsk 2003}) 10... c6 11.
Rd1 Bf6 12. Qa3 Qc7 13. Qe3 Ne5 (13... e6 14. Nd6+ Ke7 15. Qa3 c5 16. Ne4 Rg8 (
16... Be5 17. f4) 17. Nxf6 (17. O-O Bg7 18. Bg5+ f6 19. Bf4) 17... Nxf6 18. Bg5
) 14. Bf4 Be6 15. Bxe5 1-0

[Event "EU-ch 19th"]
[Site "Batumi"]
[Date "2018.03.24"]
[Round "7"]
[White "Dubov, Daniil"]
[Black "Volokitin, Andrei"]
[Result "1-0"]
[WhiteElo "2701"]
[BlackElo "2639"]
[Annotator "Havasi,G"]
[PlyCount "85"]
[EventDate "2018.03.17"]
[EventType "swiss"]
[EventRounds "11"]
[EventCountry "GEO"]
[SourceTitle "CBM 184"]
[Source "ChessBase"]
[SourceDate "2018.05.16"]
[SourceVersion "1"]
[SourceVersionDate "2018.05.16"]
[SourceQuality "1"]

1. c4 g6 2. Nf3 Bg7 3. d4 Nf6 4. g3 c6 5. Bg2 d5 6. O-O dxc4 (6... O-O {
is the huge main line.}) 7. a4 Na6 {This is a less popular move; it has
already been played by GM Volokitin.} (7... O-O) (7... Be6 {and}) (7... Ne4 {
are the other moves, that are played in games.}) 8. Na3 Be6 ({Protecting the
pawn is not a must, Black can play} 8... O-O 9. Nxc4 Be6 10. b3 Bd5 (10... c5
11. Ba3 Rc8 12. Rc1 b6 13. e3 Bd5 14. Qe2 Qc7 15. Nfe5 Bxg2 16. Kxg2 Qb7+ 17.
Qf3 Qxf3+ 18. Kxf3 Rfe8 19. Rfd1 cxd4 20. Rxd4 $14 {1-0 (53) Postny,E (2648)
-Borovikov,V (2568) Kavala 2015 CBM 168 [Postny,E]}) 11. Ba3 Rc8 12. Rc1 Rc7
13. b4 Bh6 14. e3 $14 {1-0 (50) Tarlev,K (2554)-Provotorov,I (2357) Voronezh
2015. We can see from the games, that this line gives a little advantage for
White.}) 9. Ng5 Qd7 10. Nxe6 Qxe6 11. e3 $146 {This is the novelty in the game;
it is likely to be a prepared one.} (11. Qc2 Nb4 12. Qc3 a5 13. e3 Ne4 14. Qxc4
Qxc4 15. Nxc4 Nd6 16. Nd2 e5 17. Nb3 exd4 18. exd4 O-O $15 {0-1 (53) Kunin,V 
(2537)-Volokitin,A (2695) Austria 2012}) (11. b3 cxb3 12. Rb1 Nb4 13. Qxb3 a5
14. Qxe6 fxe6 15. Bd2 Nfd5 16. e3 Kf7 17. Nc4 Rhd8 18. Bxd5 exd5 19. Nxa5 Rxa5
20. Rxb4 Ra7 $11 {1/2 (52) Galunova,T (2141)-Dimitrov,R (2489) Primorsko 2016})
11... Ne4 (11... O-O {is also possible:} 12. Qc2 Rab8 13. Nxc4 $14) 12. Qc2 (
12. Nxc4 {is also possible:} O-O (12... Nxf2 $2 {is bad due to} 13. Qb3 $1 $18)
13. b3 $14) 12... Nd6 13. Bd2 O-O 14. Rac1 c5 ({If Black doesn't change the
pawn structure, White shouldn't hurry with regaining the pawn.} 14... Rad8 15.
Rfe1 $14 (15. Nxc4 Nxc4 16. Qxc4 Qxc4 17. Rxc4 e5 $11)) 15. d5 ({Suprisingly,
the suggestion of the computer is} 15. Nxc4 {, but this is not logical, d5 is
much more natural:} cxd4 16. exd4 Bxd4 (16... Rac8 17. d5 Qd7 18. b3 $14) 17.
Bf4 $14) 15... Qd7 16. Nxc4 Nxc4 17. Qxc4 Bxb2 18. Rb1 Bf6 19. Rfd1 $14 {
In spite of the fact, that White is a pawn down, he has a massive advantage,
because the pawn avalanche with e4, Bf4, e5, e6 is suprisingly difficult to
stop.} Rab8 (19... Rfd8 20. e4 Bd4 ({In the event of} 20... Be5 {White employs
a different plan on the b-file:} 21. a5 Rac8 22. Rb5 $14) 21. Bf4 e5 22. dxe6
Qxe6 (22... fxe6 23. e5 $14) 23. Qxe6 fxe6 24. Bh3 e5 25. Be6+ Kf8 26. Bh6+ Ke7
27. Bc4 $14) 20. e4 Bd4 ({In the event of} 20... Be5 {White should play on the
queenside, as we saw in one of the above-mentioned lines.} 21. a5 Rfc8 22. Be3
$14) 21. Bf4 $1 e5 (21... Rbc8 22. e5 $16 {with the plan of e6, Black's pieces
are very badly coordinated.}) 22. dxe6 Qxe6 (22... fxe6 {might give somewhat
more chances for Black, but White is better:} 23. Bxb8 Nxb8 24. Kh1 $16) 23.
Qxe6 fxe6 24. Bxb8 Rxb8 $16 {White has managed to get an exchange advantage,
but needs confident moves to stabilse the position, because Black in turn
needs only a few moves to stabilise the position.} 25. Bf1 $1 {Getting a tempo,
by attacking the knight, forcing the knight to c7, controlling Black's
queenside pawns and putting the bishop on c4 in the future.} Nc7 26. Rd3 $1 {
Making use of the fact, that the R on b8 is tied to the protection of the
b7-pawn.} b6 27. Rf3 $1 {White managed toget his rook to the f-file faster
than Black.} Kg7 28. Kg2 Ne8 (28... Rf8 {is also losing:} 29. Rxf8 Kxf8 30. a5
$18) 29. Bc4 Nf6 30. Bxe6 Re8 31. Bd5 Nxd5 32. exd5 Rd8 33. Re1 Rd7 (33... Rxd5
34. Re7+ Kg8 35. Rxa7 $18) 34. Re6 $1 Kh6 35. d6 $18 {The black king is out,
White's task is to push the kingside pawns and the king will be soon mated or
Black will be forced to give up his bishop.} Bb2 36. Rf4 a6 37. h4 b5 38. g4
Bc1 39. Rfe4 c4 40. g5+ Bxg5 (40... Kh5 41. Re7 $18) 41. hxg5+ Kxg5 42. axb5
axb5 43. R4e5+ 1-0

[Event "EU-Cup 13th final"]
[Site "Kazan"]
[Date "1997.12.28"]
[Round "1"]
[White "Petrosian, Arshak B"]
[Black "Ibragimov, Ildar"]
[Result "0-1"]
[WhiteElo "2485"]
[BlackElo "2585"]
[Annotator "Hecht,H"]
[PlyCount "84"]
[EventDate "1997.12.28"]
[EventType "team-k.o."]
[EventRounds "4"]
[EventCountry "RUS"]
[SourceTitle "EXT 2020"]
[Source "ChessBase"]
[SourceDate "2019.10.17"]
[SourceVersion "1"]
[SourceVersionDate "2019.10.17"]
[SourceQuality "1"]
[WhiteTeam "Yerevan"]
[BlackTeam "Kazan Sberbank-Tatarstan"]
[WhiteTeamCountry "ARM"]
[BlackTeamCountry "RUS"]

1. Nf3 d5 2. g3 Nf6 3. Bg2 g6 4. d4 c6 5. O-O Bg7 6. c4 dxc4 7. a4 O-O 8. Na3
Na6 9. Nxc4 Be6 10. b3 c5 11. Bb2 Rc8 12. Rc1 Bd5 13. e3 cxd4 14. Bxd4 Nc5 15.
Bxc5 Rxc5 16. Qe2 b6 17. Nfd2 Bxg2 18. Kxg2 Qa8+ 19. Qf3 Qxf3+ 20. Nxf3 Rfc8
21. Rcd1 R5c7 22. Rd3 Ne4 23. Rfd1 Bf6 24. Rd8+ Rxd8 25. Rxd8+ Kg7 26. Ra8 Nc5
27. Ncd2 Rd7 28. Rc8 Rd3 29. Rc7 a5 30. Rc6 Nxb3 31. Nc4 Rc3 32. e4 Nd4 33.
Nxd4 Bxd4 {# Starker L�ufer, Mehrbauer, Fesselung} 34. e5 (34. Rc8 b5 $5 (
34... Rc2 $1 35. Kh3 Bxf2 36. Nxb6 Rxc8 37. Nxc8 Bc5 $19) 35. axb5 a4 36. Rc6 (
36. b6 Bxb6 37. Nxb6 (37. Rb8 Rxc4 38. Rxb6 Rxe4 $19) 37... Rxc8 38. Nxc8 a3
$19) 36... a3 37. Nd2 Rd3 $6 (37... Rxc6 $1 38. bxc6 Bb6 39. Nb3 Kf6 40. f4 Ke6
41. Kf3 Kd6 42. Ke2 Kxc6 43. Kd3 Kb5 $19) 38. Rc2 Bb2 39. b6 a2 40. b7 $132)
34... g5 35. h3 h5 36. g4 h4 37. Kf1 Rxh3 38. Nxb6 Bxb6 39. Rxb6 Ra3 40. e6
Rxa4 41. Rb5 Rxg4 42. Rxa5 h3 0-1

[Event "FIDE-Wch k.o."]
[Site "New Delhi/Teheran"]
[Date "2000.12.02"]
[Round "2.5"]
[White "Vaganian, Rafael A"]
[Black "Bareev, Evgeny"]
[Result "0-1"]
[WhiteElo "2623"]
[BlackElo "2702"]
[Annotator "Hecht,H"]
[PlyCount "122"]
[EventDate "2000.11.27"]
[EventType "k.o."]
[EventRounds "7"]
[EventCountry "IND"]
[SourceTitle "CBM 081"]
[Source "ChessBase"]
[SourceDate "2001.03.20"]
[SourceVersion "1"]
[SourceVersionDate "2001.03.20"]
[SourceQuality "1"]

1. Nf3 d5 2. g3 Nf6 3. Bg2 g6 4. c4 c6 5. d4 Bg7 6. cxd5 cxd5 7. Nc3 O-O 8. Ne5
e6 9. Bg5 Qb6 10. Qd2 Nc6 11. Nxc6 Qxc6 12. O-O Bd7 13. Rfc1 Qb6 14. b3 Rfc8
15. Rab1 Ng4 16. Rd1 f6 17. Na4 Qd8 18. Bf4 g5 19. Be3 b6 20. Nb2 Qe7 21. Nd3
Qd6 22. h3 Nxe3 23. Qxe3 h6 24. h4 Rc3 25. Rbc1 Rxc1 26. Rxc1 Rc8 27. Rxc8+
Bxc8 28. Bh3 Bd7 29. f4 gxh4 30. gxh4 f5 31. Ne5 Be8 32. Bg2 Bf6 33. Qg3+ Kh7
34. Kh2 Qb4 35. Qe3 Qe7 36. Nf3 Bh5 37. Bh3 Bxf3 38. Qxf3 Bxd4 39. e3 Bc5 40.
Qg3 Qg7 41. Qxg7+ Kxg7 42. h5 Bxe3 43. Kg3 Kf6 44. Kf3 Bc1 {[#] Ein technisch
schwierig zu gewinnenes Endspiel liegt vor Bareev, denn er muss e5 spielen,
was seine vereinzelten Freibauern auf den dicht beieinander liegenden Linien d
und f nicht umwerfend stark macht. Die Blockademöglichkeiten für Weiß sind in
solchen Fällen stets beachtlich.} 45. Bf1 a5 46. Bb5 e5 47. fxe5+ Kxe5 48. Be8
Kd4 49. Bf7 Kc5 50. a4 d4 51. Ke2 (51. Be6 Kb4 52. Bxf5 Kxb3 53. Bd7 Kc2 54.
Bf5+ d3 55. Bg6 Bg5 56. Bf5 Kb3 57. Bd7 d2 58. Ke2 Kc2 $19) 51... Be3 52. Kd3
f4 {In dieser Position nun müsste der Läufer die lange Diagonale h1-a8
betreten können, um den weiteren Vormarsch des f-Bauern zu stoppen.} 53. Be6 ({
Ein anderer Versuch ist} 53. Ke4 Kb4 54. Bc4 Kc3 55. Be2 Kxb3 56. Bb5 Kc3 57.
Ba6 Bc1 58. Bb5 f3 59. Kxf3 d3 60. Ke4 (60. Kf2 Bg5 61. Bd7 d2 62. Bg4 Kc2 $19)
60... d2 61. Be2 Kc2 62. Bd3+ Kd1 $19) 53... f3 54. Bc4 f2 55. Kc2 Kd6 56. Kd1
Ke5 57. Ke2 Kf4 58. Bd3 Kg3 59. Be4 Bd2 60. Bd3 Bb4 61. Be4 (61. Kf1 Kf3 62.
Bc4 Ke3 63. Be6 Bc5 64. Bg4 d3 65. Bd1 Kd2 66. Bg4 Kc1 $19) 61... d3+ 0-1

[Event "EU-ch 3rd"]
[Site "Batumi"]
[Date "2002.06.16"]
[Round "5"]
[White "Gagunashvili, Merab"]
[Black "Goloshchapov, Alexander"]
[Result "1-0"]
[WhiteElo "2472"]
[BlackElo "2543"]
[Annotator "Hecht,H"]
[PlyCount "119"]
[EventDate "2002.06.12"]
[EventType "swiss"]
[EventRounds "13"]
[EventCountry "GEO"]
[SourceTitle "CBM 090"]
[Source "ChessBase"]
[SourceDate "2002.09.20"]
[SourceVersion "1"]
[SourceVersionDate "2002.09.20"]
[SourceQuality "1"]

1. d4 Nf6 2. c4 g6 3. Nf3 Bg7 4. g3 d5 5. Bg2 dxc4 6. Qa4+ Nfd7 7. Qxc4 Nb6 8.
Qc2 Nc6 9. O-O Bg4 10. e3 Qc8 11. Nc3 O-O 12. a3 Rd8 13. b3 e5 14. Nxe5 Nxe5
15. dxe5 Bxe5 16. Bb2 c6 17. Ne4 Bxb2 18. Qxb2 Nd5 19. Rfc1 Bf5 20. Nc5 Nc7 21.
b4 Rb8 22. Rd1 Ne6 23. Nb3 Bd3 24. a4 Qc7 25. Qc3 Be2 26. Re1 Ba6 27. Nd4 Nxd4
28. exd4 Qd7 29. d5 Rbc8 30. Qf6 Qf5 31. Qxf5 gxf5 32. dxc6 bxc6 33. Re7 Bd3
34. Rxa7 Rd4 35. Rd1 Rcd8 36. Rb7 Be4 37. Rxd4 Rxd4 38. Bxe4 fxe4 39. a5 Rd1+
40. Kg2 Ra1 41. Rc7 Ra4 42. Rxc6 Rxb4 43. a6 Ra4 {[#] a-Freibauer mit
Seitendeckung und 3-3 am Königsflügel und schwarzen Bauernschwächen} 44. Kh3
Kg7 45. g4 Ra3+ 46. Kh4 h6 (46... f6 $142 $5 47. g5 f5 $140 $13 {z.B.} 48. Rf6
Rf3 49. a7 Rf4+ 50. Kh3 (50. Kh5 Rxf2 $11) 50... Rf3+ 51. Kg2 Ra3 52. Rxf5 Rxa7
53. Re5 Ra4) 47. Rb6 Kh7 48. g5 hxg5+ 49. Kxg5 Kg7 50. Kg4 Ra2 51. Kg3 Ra3+ 52.
Kf4 Rf3+ 53. Kxe4 Rxf2 54. Kd5 f5 (54... Rxh2 55. Kc6 Kg6 (55... Ra2 56. Kb7 f6
57. a7 Rxa7+ 58. Kxa7 Kg6 59. Ka6 Kg5 60. Kb5 f5 61. Kc4 $18) 56. a7 Ra2 57.
Kb7+ Kg5 58. Ra6 $18) 55. Kc6 f4 56. a7 Ra2 57. Kb7 f3 58. a8=Q Rxa8 59. Kxa8
f2 60. Rb1 1-0